Hát phường vải Tác phẩm nằm trong cụm công trình được giải thưởng Nhà nước đợt I năm 2001
Tiểu luận về hát phường vải, sưu tập các câu hát phường vải.
Đã lưu trong:
| Tác giả chính: | |
|---|---|
| Định dạng: | Sách |
| Năm xuất bản: |
H.
Văn hoá thông tin
2002
|
| Chủ đề: | |
| Tags: |
Thêm thẻ
Không có thẻ, Hãy là người đầu tiên gắn thẻ bản ghi này!
|
| LEADER | 00829nam a2200205 4500 | ||
|---|---|---|---|
| 082 | |a 781.6200959743 |b N312V | ||
| 100 | |a Ninh Viết Giao | ||
| 245 | |a Hát phường vải |c Ninh Viết Giao |b Tác phẩm nằm trong cụm công trình được giải thưởng Nhà nước đợt I năm 2001 | ||
| 260 | |a H. |b Văn hoá thông tin |c 2002 | ||
| 300 | |a 475 tr. |c 21 cm. | ||
| 520 | |a Tiểu luận về hát phường vải, sưu tập các câu hát phường vải. | ||
| 653 | |a Âm nhạc | ||
| 653 | |a Âm nhạc dân gian | ||
| 653 | |a Dân ca | ||
| 653 | |a Hát phường vải | ||
| 653 | |a Nghệ tĩnh | ||
| 653 | |a Việt Nam | ||
| 942 | |2 ddc |c SH | ||
| 999 | |c 8212 |d 8212 | ||
| 952 | |0 0 |1 0 |2 ddc |4 0 |6 781_620095974300000_N312V |7 0 |8 700 |9 69394 |a qbu |b qbu |c D5 |d 2015-04-03 |g 38000 |o 781.6200959743 N312V |p 8278.c1 |r 0000-00-00 |w 2015-04-03 |y SH | ||